|
|
|
|
| LEADER |
00000nam0a2200000 4500 |
| 001 |
51878 |
| 005 |
20231101211332.0 |
| 010 |
|
|
|a 502002855X
|
| 035 |
|
|
|a (RuTPU)RU\TPU\book\54320
|
| 090 |
|
|
|a 51878
|
| 100 |
|
|
|a 20030513d2003 k y0rusy50 ca
|
| 101 |
0 |
|
|a rus
|
| 102 |
|
|
|a RU
|
| 105 |
|
|
|a aс z 011zy
|
| 200 |
1 |
|
|a История природных вод
|f В. И. Вернадский
|g Российская академия наук, Институт геохимии и аналитической химии (РАН ГЕОХИ) ; Российская академия наук (РАН), Архив ; Российская академия наук (РАН), Комиссия по разработке научного наследия академика В. И. Вернадского ; отв. ред. С. Л. Шварцев , Ф. Т. Яншин
|
| 210 |
|
|
|a Москва
|c Наука
|d 2003
|
| 215 |
|
|
|a 750 с.
|c ил.
|
| 225 |
1 |
|
|a Библиотека трудов академика В. И. Вернадского
|
| 300 |
|
|
|a К 140-летию со дня рождения В. И. Вернадского и 70-летию со дня выхода в свет первого выпуска " Истории природных вод"
|
| 320 |
|
|
|a Библиогр.: с. 735-737.
|
| 320 |
|
|
|a Указ. имен.: с. 738-748.
|
| 330 |
|
|
|a Эта книга, по собственному признанию В.И. Вернадского, "...является не только первой минералогией земных вод, но и охватывает ее в таком аспекте, в каком многочисленные исследователи вод к ней не подходили, но который позволяет сделать выводы, имеющие значение не только для минералога или геохимика, но и для биолога, геолога и геофизика", гидрогеолога, почвоведа, эколога, химика, философа, историка науки, добавим мы. Эта классическая работа, первый выпуск которой увидел свет 70 лет назад, в 1933 г., до сих пор сохраняет свою актуальность и не имеет аналогов в мире по глубине и широте охвата поднятых в ней проблем. Работа поражает оригинальностью решения рассматриваемых проблем. Ее значение в современную эпоху глобальных экологических катастроф, поисков путей достойного выхода из них для сохранения биосферы Земли и человеческой цивилизации в целом в условиях крайнего дефицита на планете пригодной для жизнедеятельности человека природной воды переоценить невозможно. Для широкого круга читателей, интересующихся историей естествознания.
|
| 606 |
1 |
|
|a Воды природные
|x Гидрогеология
|2 stltpush
|3 (RuTPU)RU\TPU\subj\38258
|9 58911
|
| 610 |
1 |
|
|a гидрология
|
| 610 |
1 |
|
|a воды природные
|
| 610 |
1 |
|
|a история
|
| 610 |
1 |
|
|a водородистые минералы
|
| 610 |
1 |
|
|a кислород
|
| 610 |
1 |
|
|a бинарные соединения
|
| 610 |
1 |
|
|a живое вещество
|
| 610 |
1 |
|
|a коллоиды
|
| 610 |
1 |
|
|a капиллярные воды
|
| 610 |
1 |
|
|a природные растворы
|
| 610 |
1 |
|
|a химия
|
| 610 |
1 |
|
|a химический состав
|
| 610 |
1 |
|
|a гидрохимия
|
| 610 |
1 |
|
|a земные воды
|
| 610 |
1 |
|
|a горные породы
|
| 610 |
1 |
|
|a геохимия
|
| 610 |
1 |
|
|a водное равновесие
|
| 610 |
1 |
|
|a земная кора
|
| 610 |
1 |
|
|a химические элементы
|
| 610 |
1 |
|
|a области охлаждения
|
| 675 |
|
|
|a 556(09)
|v 3
|
| 700 |
|
1 |
|a Вернадский
|b В. И.
|c российский учёный
|c естествоиспытатель, мыслитель и общественный деятель
|f 1863-1945
|g Владимир Иванович
|2 stltpush
|3 (RuTPU)RU\TPU\pers\417
|9 207
|
| 702 |
|
1 |
|a Шварцев
|b С. Л.
|c российский гидрогеолог, доктор геолого-минералогических наук
|c профессор Томского политехнического университета, академик РАЕН
|f 1936-
|g Степан Львович
|2 stltpush
|3 (RuTPU)RU\TPU\pers\25914
|4 340
|
| 702 |
|
1 |
|a Яншин
|b Ф. Т.
|4 340
|
| 712 |
0 |
2 |
|a Российская академия наук
|b Институт геохимии и аналитической химии (РАН ГЕОХИ)
|c (Москва)
|2 stltpush
|3 (RuTPU)RU\TPU\col\192
|
| 712 |
0 |
2 |
|a Российская академия наук (РАН)
|b Архив
|c (Москва)
|2 stltpush
|3 (RuTPU)RU\TPU\col\2962
|
| 712 |
0 |
2 |
|a Российская академия наук (РАН)
|b Комиссия по разработке научного наследия академика В. И. Вернадского
|2 stltpush
|3 (RuTPU)RU\TPU\col\51
|
| 801 |
|
1 |
|a RU
|b 63413507
|c 20030513
|g PSBO
|
| 801 |
|
2 |
|a RU
|b 63413507
|c 20190313
|g PSBO
|
| 942 |
|
|
|c BK
|